[Event "OPEN INER 2022"]
[Site "salle des fêtes de Saint Denis"]
[Date "2022.10.13"]
[Round "9.12"]
[White "Hichari, Lotfi"]
[Black "Lee Luen Mang, Stefan"]
[Result "0-1"]
[WhiteElo "1199"]
[BlackElo "1557"]
[PlyCount "69"]
[EventDate "2022.??.??"]

1. d4 d5 2. c4 c6 3. Nf3 Nf6 4. Nc3 dxc4 5. a4 Bg4 6. Ne5 Bh5 7. Nxc4 e6 8. f3
c5 9. Be3 cxd4 10. Bxd4 Nc6 11. e3 Bb4 12. Be2 Nxd4 13. exd4 Nd5 14. Qc1 Qf6
15. Ne5 O-O 16. O-O Nf4 17. Ne4 Nxe2+ 18. Kh1 Qd8 19. Qc4 Qxd4 20. Qxe2 Qxe5
21. Rad1 f5 22. Ng3 Qxe2 23. Nxe2 Rfd8 24. Rc1 Rd7 25. Rc4 a5 26. h3 Rad8 27.
Kh2 e5 28. Rfc1 Rd2 29. Ng3 Bxf3 30. Rg1 g6 31. h4 Bc6 32. Kh3 R8d3 33. Kh2 Rd4
34. Rxd4 Rxd4 35. Kh1 0-1

[Event "OPEN INER 2022"]
[Site "salle des fêtes de Saint Denis"]
[Date "2022.10.13"]
[Round "9.13"]
[White "Folio, Raphael"]
[Black "Hoarau, Antoine"]
[Result "1/2-1/2"]
[WhiteElo "1277"]
[BlackElo "1246"]
[PlyCount "58"]
[EventDate "2022.??.??"]

1. d4 Nf6 2. Nf3 g6 3. e3 Bg7 4. c4 d6 5. Be2 O-O 6. O-O Nbd7 7. b3 e5 8. Nbd2
c6 9. Bb2 Re8 10. e4 exd4 11. Bxd4 Nxe4 12. Bxg7 Kxg7 13. Bd3 Nxd2 14. Qxd2 Nc5
15. Bc2 Qc7 16. Rad1 Rd8 17. h3 Be6 18. Nd4 a5 19. Qc3 Kg8 20. f4 f5 21. Rf3
Qf7 22. Re1 Re8 23. h4 h5 24. Ree3 Bd7 25. a4 Rxe3 26. Rxe3 Re8 27. Rg3 Ne4 28.
Bxe4 Rxe4 29. Nf3 Qg7 1/2-1/2

[Event "OPEN INER 2022"]
[Site "salle des fêtes de Saint Denis"]
[Date "2022.10.13"]
[Round "9.14"]
[White "Vadon Ramalanjaona, Mateotia"]
[Black "Lebihan, Mahe"]
[Result "1-0"]
[WhiteElo "1314"]
[BlackElo "1199"]
[PlyCount "109"]
[EventDate "2022.??.??"]

1. d4 d5 2. Nc3 e6 3. Bf4 f5 4. Nb5 Na6 5. e3 Nf6 6. Bd3 c6 7. Nc3 Nc7 8. Nf3
Bb4 9. O-O O-O 10. a3 Bd6 11. Ne2 h6 12. Bxd6 Qxd6 13. Ne5 g5 14. f4 g4 15. Qe1
Ne4 16. Bxe4 dxe4 17. Qh4 Kh7 18. Qh5 Rg8 19. Qxh6+ Kxh6 20. Nf7+ Kg6 21. Nxd6
Nd5 22. Nc4 b5 23. Ne5+ Kf6 24. Ng3 Nxe3 25. Rf2 Bb7 26. Nd7+ Ke7 27. Nc5 Rab8
28. Re1 Nd5 29. c3 a5 30. Nf1 Nc7 31. Nd2 Na6 32. Nxa6 Bxa6 33. Nb3 a4 34. Nc5
Bb7 35. Re3 Rg7 36. Rg3 Bc8 37. h3 Bd7 38. hxg4 Rxg4 39. Rxg4 fxg4 40. Re2 Rf8
41. Rxe4 Rf6 42. g3 Rf5 43. Re5 Rxe5 44. fxe5 Be8 45. Kf2 Bg6 46. Ke3 Bc2 47.
Kf4 Bd1 48. Ne4 Kf7 49. Nf2 Be2 50. Nxg4 Bxg4 51. Kxg4 Kg6 52. Kf4 Kf7 53. Kg5
Kg7 54. g4 Kf7 55. Kh6 1-0

[Event "OPEN INER 2022"]
[Site "salle des fêtes de Saint Denis"]
[Date "2022.10.13"]
[Round "9.15"]
[White "Boyer, Mathis"]
[Black "Erudel, Maeva"]
[Result "0-1"]
[WhiteElo "1190"]
[BlackElo "1411"]
[PlyCount "112"]
[EventDate "2022.??.??"]

1. e4 e6 2. d4 d5 3. exd5 exd5 4. Nf3 Nc6 5. Bb5 Bg4 6. O-O Qd6 7. Bxc6+ Qxc6
8. Ne5 Bxd1 9. Nxc6 Bxc2 10. Re1+ Ne7 11. Nb4 Bxb1 12. Nxd5 Rd8 13. Nxe7 Bxe7
14. Rxb1 Rxd4 15. Be3 Rd7 16. Bxa7 b6 17. a4 O-O 18. Rbd1 Rfd8 19. Rxd7 Rxd7
20. Bb8 f6 21. g3 Kf7 22. Rc1 Bd6 23. b4 Bxb4 24. Bxc7 Bc5 25. Bf4 Ra7 26. Ra1
Bd4 27. Ra3 b5 28. a5 Bc5 29. Be3 Bxe3 30. fxe3 b4 31. Rb3 Rxa5 32. Rxb4 Re5
33. Kf2 f5 34. h4 Re4 35. Rxe4 fxe4 36. g4 h6 37. Kg3 g5 38. h5 Kg7 39. Kg2 Kf6
40. Kg3 Ke5 41. Kf2 Kd5 42. Ke2 Kc4 43. Kd2 Kb3 44. Kd1 Kc3 45. Ke2 Kc2 46. Ke1
Kd3 47. Kf2 Kd2 48. Kf1 Kxe3 49. Ke1 Kf3 50. Kd2 Kf2 51. Kc3 e3 52. Kd4 e2 53.
Ke4 e1=Q+ 54. Kf5 Qe8 55. Kf6 Qc6+ 56. Kg7 Kf3 0-1

[Event "OPEN INER 2022"]
[Site "salle des fêtes de Saint Denis"]
[Date "2022.10.13"]
[Round "9.16"]
[White "Fondrat, Thierry"]
[Black "Cavillot-Delestage, Raphael"]
[Result "0-1"]
[WhiteElo "1217"]
[BlackElo "1155"]
[PlyCount "87"]
[EventDate "2022.??.??"]

1. e4 d6 2. d4 Nf6 3. Nc3 Nbd7 4. f4 e5 5. fxe5 dxe5 6. dxe5 Nxe5 7. Qxd8+ Kxd8
8. Bf4 Bd6 9. O-O-O Ke7 10. Nf3 Neg4 11. e5 Nf2 12. exd6+ cxd6 13. Re1+ Be6 14.
Rg1 N2g4 15. h3 Nh6 16. g4 Nd7 17. Nd4 Nb6 18. Nf5+ Kd7 19. Nxg7 Ng8 20. Nxe6
fxe6 21. Rd1 Nc8 22. Be5 Nf6 23. Bxf6 Rf8 24. g5 Ne7 25. Ne4 Nf5 26. Nc5+ Ke8
27. Nxe6 Rf7 28. Bb5+ Rd7 29. Nc7+ Kf8 30. Bxd7 Rb8 31. Bxf5 b5 32. Rxd6 a5 33.
Rd8+ Rxd8 34. Bxd8 b4 35. Rf1 a4 36. Bd7+ Kg7 37. Ne6+ Kg6 38. Nf8+ Kh5 39. Rf7
Kh4 40. g6+ Kg3 41. g7 b3 42. g8=Q+ Kh2 43. Rf2+ Kh1 44. Qg2# 0-1

[Event "OPEN INER 2022"]
[Site "salle des fêtes de Saint Denis"]
[Date "2022.10.13"]
[Round "9.17"]
[White "Daoudjee, Hishame"]
[Black "Sandjivy, Jean Marc"]
[Result "0-1"]
[WhiteElo "1199"]
[BlackElo "1222"]
[PlyCount "112"]
[EventDate "2022.??.??"]

1. e4 c5 2. Nf3 Nc6 3. Bc4 a6 4. O-O b5 5. Be2 Qc7 6. c3 g6 7. d4 e6 8. e5 d6
9. Re1 c4 10. a4 Bb7 11. Na3 Qb8 12. Rb1 dxe5 13. dxe5 Nxe5 14. axb5 Nxf3+ 15.
Bxf3 Bxf3 16. Qxf3 axb5 17. Nxb5 Ra5 18. Nd4 Qa8 19. Qd1 Nf6 20. b4 cxb3 21.
Rxb3 Be7 22. Nc6 Rd5 23. Rb8+ Qxb8 24. Nxb8 Rxd1 25. Rxd1 O-O 26. Nc6 Bc5 27.
Ne5 Ra8 28. Be3 Bxe3 29. fxe3 Ra3 30. Rf1 Kg7 31. Rc1 Nd5 32. Nc4 Rxc3 33. Rxc3
Nxc3 34. Kf1 Kf6 35. Ke1 h5 36. h3 Ne4 37. g4 hxg4 38. hxg4 Kg5 39. Nd2 Nxd2
40. Kxd2 Kxg4 41. Kd3 Kf5 42. Kd4 e5+ 43. Kd3 g5 44. Ke2 Ke4 45. Kf2 f5 46. Ke2
g4 47. Kf2 Kd3 48. e4 Kxe4 49. Kg3 Kd3 50. Kh4 e4 51. Kg3 e3 52. Kg2 e2 53. Kf2
Kd2 54. Kg3 e1=Q+ 55. Kf4 g3 56. Kf3 Qf2# 0-1

[Event "OPEN INER 2022"]
[Site "salle des fêtes de Saint Denis"]
[Date "2022.10.13"]
[Round "9.18"]
[White "Lai-Cheung-Kit, Guillaume"]
[Black "Erudel, Irina"]
[Result "0-1"]
[WhiteElo "1011"]
[BlackElo "1199"]
[PlyCount "120"]
[EventDate "2022.??.??"]

1. e4 e5 2. Nf3 Nc6 3. d4 exd4 4. Nxd4 Bc5 5. Be3 Qe7 6. Nc3 Nf6 7. Nxc6 bxc6
8. Bxc5 Qxc5 9. Bd3 d6 10. O-O Qg5 11. Qf3 O-O 12. Rfe1 Re8 13. Bc4 Re7 14. h3
Bd7 15. Rad1 Rae8 16. Rd3 d5 17. Bb3 Nh5 18. Qd1 Bf5 19. Rde3 Bd7 20. Qf3 d4
21. Nd5 cxd5 22. R3e2 Nf4 23. Rd2 dxe4 24. Qg3 Qe5 25. Bc4 Be6 26. Bd3 Nxd3 27.
cxd3 Qxg3 28. fxg3 e3 29. Rde2 Bxa2 30. Ra1 Bd5 31. Rxa7 h6 32. g4 Rb8 33. Ra5
Be6 34. Ra4 c5 35. Ra5 c4 36. Ra3 cxd3 37. Rxd3 Bc4 38. Rxd4 Bxe2 39. b4 Bb5
40. Rd1 e2 41. Re1 Ba6 42. Kf2 Rxb4 43. Kg3 Rd4 44. Kh4 Rd1 45. Rxe2 Rxe2 46.
g3 Re5 47. g5 hxg5+ 48. Kh5 g6+ 49. Kg4 Bc8+ 50. Kf3 Bxh3 51. g4 Rf1+ 52. Kg3
Re3+ 53. Kh2 Rf2+ 54. Kg1 Ra2 55. Kh1 Rd2 56. Kg1 Bxg4 57. Kf1 Re8 58. Kg1 Ra2
59. Kf1 Rd2 60. Kg1 Re1# 0-1

[Event "OPEN INER 2022"]
[Site "salle des fêtes de Saint Denis"]
[Date "2022.10.13"]
[Round "9.19"]
[White "Giraud, Dimitri"]
[Black "Naquin, Miguel"]
[Result "0-1"]
[WhiteElo "1054"]
[BlackElo "1099"]
[PlyCount "78"]
[EventDate "2022.??.??"]

1. e4 e5 2. Nf3 Nc6 3. Bc4 h6 4. Nc3 Nf6 5. d3 Bc5 6. Be3 Bxe3 7. fxe3 Ng4 8.
Qe2 O-O 9. h3 Nf6 10. d4 d6 11. O-O-O Na5 12. Rhf1 Qe7 13. Qd2 Nxc4 14. Qd3 Nb6
15. a4 a5 16. b3 Nbd7 17. Nb5 Nb6 18. Nh4 c6 19. Nf5 Bxf5 20. exf5 cxb5 21.
Qxb5 Nbd5 22. Rfe1 Nc3 23. Qd3 Nxd1 24. Qxd1 Rfd8 25. Qd3 e4 26. Qb5 Qc7 27.
Qf1 Rdc8 28. Re2 Ra6 29. g4 Rc6 30. Qg2 Nd5 31. c4 Rb6 32. Kb2 Nb4 33. Qxe4 Kf8
34. h4 Re8 35. Qf4 Nd3+ 36. Ka3 Nxf4 37. Rf2 Nd3 38. Re2 Nc1 39. Re1 Rxb3# 0-1

[Event "OPEN INER 2022"]
[Site "salle des fêtes de Saint Denis"]
[Date "2022.10.13"]
[Round "9.20"]
[White "Giraud, Marius"]
[Black "Molines, Martin"]
[Result "0-1"]
[WhiteElo "1063"]
[BlackElo "1037"]
[PlyCount "112"]
[EventDate "2022.??.??"]

1. e4 e5 2. Bc4 Nc6 3. Nf3 Bc5 4. Nc3 Nf6 5. d3 h6 6. O-O d6 7. h3 Be6 8. Bb3
O-O 9. Qe2 Bb6 10. Be3 Na5 11. Ba4 Bd7 12. Bb3 Nxb3 13. axb3 Bc6 14. Nh4 Nxe4
15. Qg4 Nf6 16. Qg3 Nh5 17. Qg4 Nf6 18. Qg3 Bxe3 19. Nf5 Bxf2+ 20. Rxf2 Nh5 21.
Qg4 Qg5 22. Qxg5 hxg5 23. g4 Nf4 24. Rh2 Rfe8 25. h4 gxh4 26. Rxh4 g6 27. Ng3
Kg7 28. Kf2 a6 29. Nce4 Rh8 30. Rxh8 Rxh8 31. g5 Rh2+ 32. Kg1 Rxc2 33. Re1 Nxd3
34. Re3 Bxe4 35. Nxe4 Rc1+ 36. Kg2 Re1 37. Rxd3 Rxe4 38. Kg3 Rd4 39. Rc3 c5 40.
Rf3 e4 41. Rf6 Rd3+ 42. Kf2 Rf3+ 43. Rxf3 exf3 44. Kxf3 f6 45. gxf6+ Kxf6 46.
Kg4 g5 47. Kg3 Kf5 48. Kf3 d5 49. Ke2 Kf4 50. Kf2 g4 51. Ke2 g3 52. Kf1 d4 53.
Ke1 Ke3 54. b4 cxb4 55. b3 g2 56. Kd1 g1=Q+ 0-1

[Event "OPEN INER 2022"]
[Site "salle des fêtes de Saint Denis"]
[Date "2022.10.13"]
[Round "9.22"]
[White "Lam Kin Cheung, Youn Ha"]
[Black "Gauthier, Keanu"]
[Result "0-1"]
[WhiteElo "1199"]
[BlackElo "1099"]
[PlyCount "54"]
[EventDate "2022.??.??"]

1. d4 d5 2. c4 e6 3. Nc3 Nf6 4. Nf3 Nc6 5. e3 Be7 6. Bd3 O-O 7. O-O b6 8. Bd2
Ba6 9. e4 dxe4 10. Re1 exd3 11. b3 Nxd4 12. Rc1 Bb7 13. Ng5 h6 14. Nh3 Bb4 15.
Nb1 Bxd2 16. Qxd2 Ne2+ 17. Kf1 Nxc1 18. Qxc1 Ne4 19. g4 d2 20. Qxd2 Nxd2+ 21.
Nxd2 Qxd2 22. f3 Bxf3 23. Nf2 Bg2+ 24. Kg1 Qxe1+ 25. Kxg2 Rad8 26. Kh3 Qxf2 27.
b4 Rd3# 0-1

[Event "OPEN INER 2022"]
[Site "salle des fêtes de Saint Denis"]
[Date "2022.10.13"]
[Round "9.23"]
[White "Khantalina, Ilariya"]
[Black "Lai-Cheung-Kit, Lucie"]
[Result "1-0"]
[WhiteElo "1099"]
[BlackElo "1009"]
[PlyCount "93"]
[EventDate "2022.??.??"]

1. e4 e5 2. Nf3 Nc6 3. d4 Bd6 4. dxe5 Bxe5 5. Nxe5 Nxe5 6. Qd4 d6 7. Bf4 f6 8.
h3 c5 9. Qd5 Ne7 10. Qd1 O-O 11. Bb5 a6 12. Ba4 b5 13. Bb3+ c4 14. Bxc4+ bxc4
15. Nc3 Be6 16. O-O Re8 17. Qe2 d5 18. exd5 Bxd5 19. Rad1 Qd7 20. Bxe5 fxe5 21.
Qxe5 Rad8 22. Rd2 Nc6 23. Qxd5+ Kh8 24. Qxd7 Rxd7 25. Rxd7 Rd8 26. Rxd8+ Nxd8
27. Re1 h6 28. Re8+ Kh7 29. Rxd8 a5 30. f4 g5 31. f5 Kg7 32. Rd5 Kf6 33. Ne4+
Kf7 34. f6 Ke6 35. Re5+ Kxe5 36. f7 Kxe4 37. f8=Q h5 38. Qf3+ Ke5 39. Kf1 g4
40. Qe3+ Kf5 41. hxg4+ hxg4 42. g3 a4 43. Ke2 a3 44. bxa3 c3 45. Kd3 Kg6 46.
Qf4 Kh5 47. Qf5+ 1-0

[Event "OPEN INER 2022"]
[Site "salle des fêtes de Saint Denis"]
[Date "2022.10.13"]
[Round "9.24"]
[White "Khantalin, Serafim"]
[Black "Cavillot-Delestage, Honore"]
[Result "0-1"]
[WhiteElo "1009"]
[BlackElo "1009"]
[PlyCount "96"]
[EventDate "2022.??.??"]

1. e4 e5 2. Nc3 Nf6 3. d3 Nc6 4. Nf3 Bc5 5. Be2 O-O 6. h4 d6 7. h5 h6 8. Rh3
Bxh3 9. gxh3 Qd7 10. Nd5 Bb4+ 11. c3 Bc5 12. b4 Bb6 13. Nh4 Nh7 14. Nf5 Qe6 15.
Kd2 Ng5 16. h4 Nh3 17. Qh1 Nxf2 18. Qg2 g6 19. Nxh6+ Kg7 20. Qxf2 Bxf2 21. Bg4
Qe8 22. Ke2 Bxh4 23. Nxc7 Qb8 24. Nxa8 Qxa8 25. a4 f6 26. c4 Bg5 27. b5 Bxh6
28. Bd7 Bxc1 29. Rxc1 Nd4+ 30. Ke3 Nb3 31. Rg1 Rf7 32. Rxg6+ Kf8 33. Be6 Rg7
34. Rxf6+ Ke7 35. Rh6 Rg3+ 36. Ke2 Nd4+ 37. Kd2 Nxe6 38. Rh7+ Rg7 39. Rh6 Qg8
40. a5 Rg2+ 41. Kc3 Nc5 42. Kb4 Nxd3+ 43. Ka4 Rb2 44. Ka3 Qg1 45. Rh7+ Kf8 46.
Rh8+ Kg7 47. h6+ Kxh8 48. Ka4 Qa1# 0-1